PC magazine : the independent guide to IBM - standard personal computing

Bibliographic Details
Format: Book
Published: New York : Ziff-Davis Pub. co. , 1991-
Subjects:

MARC

LEADER 00000cam a2200000 7i4500
001 0000021652
005 20080816.0
008 08162008 s nyua
022 0 |a 0888-8507 
040 |a INS 
090 0 0 |a QA76.8.I1015   |b P46 
245 0 4 |a PC magazine :   |b the independent guide to IBM - standard personal computing 
260 |a New York :   |b Ziff-Davis Pub. co. ,   |c 1991- 
300 |a 1. v. :   |b ill. (some col.) ;   |c 28cm. 
310 |a Biweekly 
650 0 0 |a IBM microcomputers   |x Periodicals 
650 0 0 |a Microcomputers   |x Periodicals 
999 |a SER0000543   |b BOOK   |c Open Shelf   |e Default branch 
999 |a SER0000544   |b BOOK   |c Open Shelf   |e Default branch 
999 |a SER0000545   |b BOOK   |c Open Shelf   |e Default branch 
999 |a SER0000546   |b BOOK   |c Open Shelf   |e Default branch 
999 |a SER0000547   |b BOOK   |c Open Shelf   |e Default branch 
999 |a SER0000548   |b BOOK   |c Open Shelf   |e Default branch 
999 |a SER0000549   |b BOOK   |c Open Shelf   |e Default branch 
999 |a SER0000550   |b BOOK   |c Open Shelf   |e Default branch 
999 |a SER0000551   |b BOOK   |c Open Shelf   |e Default branch 
999 |a SER0000552   |b BOOK   |c Open Shelf   |e Default branch 
999 |a SER0000553   |b BOOK   |c Open Shelf   |e Default branch 
999 |a SER0000554   |b BOOK   |c Open Shelf   |e Default branch 
999 |a SER0000555   |b BOOK   |c Open Shelf   |e Default branch 
999 |a SER0000556   |b BOOK   |c Open Shelf   |e Default branch